Health promotion : (Record no. 4663)

000 -LEADER
fixed length control field 01200cam a2200325 a 4500
001 - CONTROL NUMBER
control field 3398917
003 - CONTROL NUMBER IDENTIFIER
control field OSt
005 - DATE AND TIME OF LATEST TRANSACTION
control field 20220325113205.0
008 - FIXED-LENGTH DATA ELEMENTS--GENERAL INFORMATION
fixed length control field 890907s1990 enka b 001 0 eng
010 ## - LIBRARY OF CONGRESS CONTROL NUMBER
LC control number 89023076
020 ## - INTERNATIONAL STANDARD BOOK NUMBER
International Standard Book Number 0192617397
Terms of availability £25.00
020 ## - INTERNATIONAL STANDARD BOOK NUMBER
International Standard Book Number 0192617397 (pbk.) :
Terms of availability £12.95
040 ## - CATALOGING SOURCE
Original cataloging agency DLC
Transcribing agency DLC
Modifying agency DLC
050 00 - LIBRARY OF CONGRESS CALL NUMBER
Classification number RA427.8
Item number .D69 1990
082 00 - DEWEY DECIMAL CLASSIFICATION NUMBER
Classification number 362.1/01
Edition number 20
100 1# - MAIN ENTRY--PERSONAL NAME
Personal name Downie, R. S.
Fuller form of name (Robert Silcock)
245 10 - TITLE STATEMENT
Title Health promotion :
Remainder of title models and values /
Statement of responsibility, etc. R.S. Downie, Carol Fyfe, and Andrew Tannahill.
260 ## - PUBLICATION, DISTRIBUTION, ETC.
Place of publication, distribution, etc. Oxford ;
-- New York :
Name of publisher, distributor, etc. Oxford University Press,
Date of publication, distribution, etc. c1990.
300 ## - PHYSICAL DESCRIPTION
Extent xi, 183 p. :
Other physical details ill. ;
Dimensions 23 cm.
440 #0 - SERIES STATEMENT/ADDED ENTRY--TITLE
Title Oxford medical publications
504 ## - BIBLIOGRAPHY, ETC. NOTE
Bibliography, etc. note Includes bibliographical references (p. 172-179) and index.
650 #0 - SUBJECT ADDED ENTRY--TOPICAL TERM
Topical term or geographic name entry element Health promotion.
700 1# - ADDED ENTRY--PERSONAL NAME
Personal name Tannahill, Carol.
700 1# - ADDED ENTRY--PERSONAL NAME
Personal name Tannahill, Andrew.
856 42 - ELECTRONIC LOCATION AND ACCESS
Materials specified Publisher description
Uniform Resource Identifier <a href="http://www.loc.gov/catdir/enhancements/fy0637/89023076-d.html">http://www.loc.gov/catdir/enhancements/fy0637/89023076-d.html</a>
856 41 - ELECTRONIC LOCATION AND ACCESS
Materials specified Table of contents only
Uniform Resource Identifier <a href="http://www.loc.gov/catdir/enhancements/fy0637/89023076-t.html">http://www.loc.gov/catdir/enhancements/fy0637/89023076-t.html</a>
906 ## - LOCAL DATA ELEMENT F, LDF (RLIN)
a 7
b cbc
c orignew
d 1
e ocip
f 19
g y-gencatlg
942 ## - ADDED ENTRY ELEMENTS (KOHA)
Source of classification or shelving scheme
Koha item type Book
Suppress in OPAC CM
Holdings
Withdrawn status Lost status Source of classification or shelving scheme Damaged status Not for loan Permanent Location Current Location Shelving location Date acquired Source of acquisition Total Checkouts Full call number Barcode Date last seen Price effective from Koha item type Public note
          AU LIBRARY AU LIBRARY Open Shelf 25.03.2022 DONATION FROM MOI UNIVERSITY   RA427.8 .D69 1990 28006825 25.03.2022 25.03.2022 Book CM
          AU LIBRARY AU LIBRARY Open Shelf 21.04.2022 DONATION FROM MOI UNIVERSITY   RA427.8 .D69 1990 28002151 21.04.2022 21.04.2022 Book MM

Powered by Koha